000 00863nam a2200241Ia 4500
003 OSt
005 20220923220922.0
006 a|||||r|||| 00| 0
007 ta
008 220922b |||||||| |||| 00| 0 hin d
024 _a192,229
037 _cTextual
040 _aARTS
_cARTS
_bhin
041 _2hin
_ahin
082 _aT.2.L<-J, 152L7
100 _aविमला प्रसाद
_9156318
245 0 _aउत्तर भारतीय शिक्षा एवं ज्ञान के कुछ पक्ष
246 _aUttar bhāratīya shikṣhā evan jnyān ke kuchh pakṣha
260 _aपटना
_b बिहार हिन्दी ग्रंथ अकादमी
_c1977
300 _a306पृ.
_ccm.
942 _hT.2.L<-J, 152L7
_cTEXL
_2CC
999 _c344851
_d344851